Knihovna Terezínského ghetta : diplomová práce / Magdalena Bresťáková ; vedoucí práce František Horák
Record details
- Physical Description: 56 stran : 4 přílohy ; 31 cm
Content descriptions
| General Note: | Kopie diplomové práce |
| Dissertation Note: | Diplomová práce, Filozofická fakzlta Univerzity Karlovy, Katedra vědeckých informací a knihovnictví, 1983 |
| Bibliography, etc. Note: | Obsahuje bibliografii |
Search for related items by subject
| Genre: | absolventské práce |
Available copies
- 1 of 1 copy available at Common Catalog SPOK.
Holds
- 0 current holds with 1 total copy.
Show Only Available Copies
| Location | Call Number / Copy Notes | Barcode | Shelving Location | Status | Due Date |
|---|---|---|---|---|---|
| The Jewish community of Prague | J 494 | 4638302530 | J - Judaika | Available | - |
| LDR | ntm a22 i 4500 | ||
|---|---|---|---|
| 001 | 57242 | ||
| 003 | CZ-PrJAB | ||
| 005 | 20240416074646.0 | ||
| 007 | ta | ||
| 008 | 240416s1983 xr e 000 0 cze | ||
| 040 | . | ‡aABE461 ‡bcze ‡erda | |
| 041 | 0 | . | ‡acze |
| 100 | 1 | . | ‡aBresťáková, Magdalena ‡4aut |
| 245 | 1 | 0. | ‡aKnihovna Terezínského ghetta : ‡bdiplomová práce / ‡cMagdalena Bresťáková ; vedoucí práce František Horák |
| 300 | . | ‡a56 stran : ‡b4 přílohy ; ‡c31 cm | |
| 336 | . | ‡atext ‡btxt ‡2rdacontent | |
| 337 | . | ‡abez média ‡bn ‡2rdamedia | |
| 338 | . | ‡asvazek ‡bnc ‡2rdacarrier | |
| 500 | . | ‡aKopie diplomové práce | |
| 502 | . | ‡aDiplomová práce, Filozofická fakzlta Univerzity Karlovy, Katedra vědeckých informací a knihovnictví, 1983 | |
| 504 | . | ‡aObsahuje bibliografii | |
| 653 | 0 | . | ‡aghetto Terezín ‡aknihovna |
| 655 | 7. | ‡aabsolventské práce ‡7ph202176 ‡2czenas | |
| 700 | 1 | . | ‡aHorák, František ‡4ths |
| 710 | 2 | . | ‡aFilozofická fakzlta Univerzity Karlovy, Katedra vědeckých informací a knihovnictví |
| 910 | . | ‡aABE461 | |
| 995 | . | ‡askn | |
| 901 | . | ‡a57242 ‡bAUTOGEN ‡c57242 ‡tbiblio | |